Psychology : (Record no. 6510)

MARC details
000 -LEADER
fixed length control field 00570nam a22002057a 4500
003 - CONTROL NUMBER IDENTIFIER
control field OSt
005 - DATE AND TIME OF LATEST TRANSACTION
control field 20200129112529.0
008 - FIXED-LENGTH DATA ELEMENTS--GENERAL INFORMATION
fixed length control field 150602b xxu||||| |||| 00| 0 eng d
020 ## - INTERNATIONAL STANDARD BOOK NUMBER
International Standard Book Number 0153748273
040 ## - CATALOGING SOURCE
Transcribing agency DDC
082 ## - DEWEY DECIMAL CLASSIFICATION NUMBER
Classification number 150 ENG 1979
100 ## - MAIN ENTRY--PERSONAL NAME
Personal name Snellgrove/Engle
9 (RLIN) 5168
245 ## - TITLE STATEMENT
Title Psychology :
Remainder of title its Principles and Applications /
Statement of responsibility, etc. Engle / Snellgrove
250 ## - EDITION STATEMENT
Edition statement 7th ed.
260 ## - PUBLICATION, DISTRIBUTION, ETC. (IMPRINT)
Place of publication, distribution, etc. Orlando:
Name of publisher, distributor, etc. Harcourt Brace Jovanovich;
Date of publication, distribution, etc. 1989.
300 ## - PHYSICAL DESCRIPTION
Extent xv, 535 p :
Other physical details col.ill;
Dimensions 27 cm.
504 ## - BIBLIOGRAPHY, ETC. NOTE
Bibliography, etc Includes index.
650 ## - SUBJECT ADDED ENTRY--TOPICAL TERM
Topical term or geographic name as entry element Psychology
9 (RLIN) 31
942 ## - ADDED ENTRY ELEMENTS (KOHA)
Source of classification or shelving scheme Other/Generic Classification Scheme
Koha item type Open Shelf
Holdings
Withdrawn status Lost status Source of classification or shelving scheme Damaged status Not for loan Home library Current library Date acquired Source of acquisition Inventory number Total Checkouts Full call number Barcode Date last seen Price effective from Koha item type
    Dewey Decimal Classification     MUST Main Library MUST Main Library 29/01/2020 Purchase 97/11356   150 ENG 1979 2020-0207 29/01/2020 29/01/2020 Open Shelf
    Dewey Decimal Classification     MUST Main Library MUST Main Library 14/02/2020 Purchase 97/11355   150 ENG 1979 2020-0493 14/02/2020 14/02/2020 Open Shelf